Подземные воды и эволюция Земли: доклад, прочитанный на заседании Ученого совета ИГЭ РАН 14 ноября 2008 г.

Détails bibliographiques
Auteur principal: Зверев В. П.
Collectivité auteur: Российская академия наук (РАН) Институт геоэкологии им. А. Е. Сергеева (ИГЭ)
Résumé:Приведены данные о массах подземных вод, содержащихся в основных оболочках земной коры, и структуре их глобальных массопотоков. Рассмотрены отношения масс воды и породы для основных геологических процессов, оценен геологический массопоток свободных и связанных подземных вод, поступающих в процессе дрейфа литосферных плит и субдукции под континентальную кору, которые образуют гидротермальные системы, участвуют в вулканических извержениях и формируют нисходящий поток, достигающий низов земной коры и верхней мантии. Его масса за время реализации процессов тектоники плит и существования геологического круговорота подземных вод, составляющая ~0.95-1024 г, соизмерима с массой воды, содержащейся в мантии (1 . 1024 г). Выдвинуто предположение, что геологический круговорот подземных вод является механизмом, компенсирующим дегидратацию мантии и поддерживающим содержание в ней воды на уровне, достаточном для ее конвекции.
Langue:russe
Publié: Москва, Научный мир, 2009
Sujets:
Format: Livre
KOHA link:https://koha.lib.tpu.ru/cgi-bin/koha/opac-detail.pl?biblionumber=160358

MARC

LEADER 00000nam0a2200000 4500
001 160358
005 20231101222201.0
010 |a 9785915220774 
035 |a (RuTPU)RU\TPU\book\173894 
090 |a 160358 
100 |a 20090521d2009 km y0rusy50 ca 
101 0 |a rus 
102 |a RU 
105 |a y z 001zy 
200 1 |a Подземные воды и эволюция Земли  |e доклад, прочитанный на заседании Ученого совета ИГЭ РАН 14 ноября 2008 г.  |f В. П. Зверев  |g Российская академия наук (РАН), Институт геоэкологии им. А. Е. Сергеева (ИГЭ) 
210 |a Москва  |c Научный мир  |d 2009 
215 |a 16 с. 
320 |a Библиогр.: с. 16. 
330 |a Приведены данные о массах подземных вод, содержащихся в основных оболочках земной коры, и структуре их глобальных массопотоков. Рассмотрены отношения масс воды и породы для основных геологических процессов, оценен геологический массопоток свободных и связанных подземных вод, поступающих в процессе дрейфа литосферных плит и субдукции под континентальную кору, которые образуют гидротермальные системы, участвуют в вулканических извержениях и формируют нисходящий поток, достигающий низов земной коры и верхней мантии. Его масса за время реализации процессов тектоники плит и существования геологического круговорота подземных вод, составляющая ~0.95-1024 г, соизмерима с массой воды, содержащейся в мантии (1 . 1024 г). Выдвинуто предположение, что геологический круговорот подземных вод является механизмом, компенсирующим дегидратацию мантии и поддерживающим содержание в ней воды на уровне, достаточном для ее конвекции. 
606 1 |a Воды подземные  |x (геология)  |2 stltpush  |3 (RuTPU)RU\TPU\subj\68168  |9 83651 
610 1 |a Земля 
610 1 |a эволюция 
610 1 |a массопотоки 
610 1 |a химические элементы 
610 1 |a тепловой баланс 
610 1 |a подземная гидросфера 
610 1 |a вода 
610 1 |a геоэкология 
675 |a 556.3  |v 3 
700 1 |a Зверев  |b В. П. 
712 0 2 |a Российская академия наук (РАН)  |b Институт геоэкологии им. А. Е. Сергеева (ИГЭ)  |c (Москва)  |2 stltpush  |3 (RuTPU)RU\TPU\col\1661 
801 1 |a RU  |b 63413507  |c 20090521  |g PSBO 
801 2 |a RU  |b 63413507  |c 20090701  |g PSBO 
942 |c BK